Rashtriya Ekta Ka Sawal Sutra Ramcharitmanas (Record no. 10736)

MARC details
000 -LEADER
fixed length control field 00384nam a22001577a 4500
003 - CONTROL NUMBER IDENTIFIER
control field OSt
008 - FIXED-LENGTH DATA ELEMENTS--GENERAL INFORMATION
fixed length control field 210723b ||||| |||| 00| 0 eng d
020 ## - INTERNATIONAL STANDARD BOOK NUMBER
International Standard Book Number 9789386221308
082 ## - DEWEY DECIMAL CLASSIFICATION NUMBER
Classification number 292.5922 KHR
100 ## - MAIN ENTRY--PERSONAL NAME
Personal name KHANNA,Shivnarayan
245 ## - TITLE STATEMENT
Title Rashtriya Ekta Ka Sawal Sutra Ramcharitmanas
260 ## - PUBLICATION, DISTRIBUTION, ETC. (IMPRINT)
Place of publication, distribution, etc New Delhi
Name of publisher, distributor, etc Manakin
Date of publication, distribution, etc 2018
300 ## - PHYSICAL DESCRIPTION
Extent 185
650 ## - SUBJECT ADDED ENTRY--TOPICAL TERM
Topical term or geographic name as entry element MBA
942 ## - ADDED ENTRY ELEMENTS (KOHA)
Source of classification or shelving scheme Dewey Decimal Classification
Koha item type Text Books
Holdings
Withdrawn status Lost status Source of classification or shelving scheme Damaged status Not for loan Collection code Home library Current library Date acquired Source of acquisition Currency Cost, normal purchase price Bill Number Total Checkouts Full call number Acc. no. / Barcode Date last seen Actual Cost, discounted price Bill Date Koha item type Checked out Date last borrowed
    Dewey Decimal Classification     IKS- Indian Knowledge System PIET C-LIBRARY PIET C-LIBRARY 08/07/2021 Techniz Book International IN Rupees 695.00 INT/212210093   292.5922 KHR 33116 23/07/2021 521.25 08/07/2021 Text Books    
    Dewey Decimal Classification     IKS- Indian Knowledge System PIET C-LIBRARY PIET C-LIBRARY 08/07/2021 Techniz Book International IN Rupees 695.00 INT/212210093 2 292.5922 KHR 33117 28/01/2025 521.25 08/07/2021 Text Books 18/08/2025 28/01/2025

Design & Developed by: PIET Central Library
R70 Miles Stone Pattikalyana Samalkha Panipat 132102
mail ID :- [email protected], Phone No:- 0180-2569700 Ex.216